Educational psychology (Record no. 3481)

MARC details
000 -LEADER
fixed length control field 00557cam a2200217ua 4500
001 - CONTROL NUMBER
control field 3643
005 - DATE AND TIME OF LATEST TRANSACTION
control field 20260515113717.0
008 - FIXED-LENGTH DATA ELEMENTS--GENERAL INFORMATION
fixed length control field 111125n ii |||gr||||Z||||||eng
040 ## - CATALOGING SOURCE
Transcribing agency MAIN
082 ## - DEWEY DECIMAL CLASSIFICATION NUMBER
Classification number 370.15
100 ## - MAIN ENTRY--PERSONAL NAME
Personal name Bhatia, D.,
Relator term Author.
245 11 - TITLE STATEMENT
Title Educational psychology
Statement of responsibility, etc. by D. Bhatia
250 ## - EDITION STATEMENT
Edition statement 1st.
260 ## - PUBLICATION, DISTRIBUTION, ETC.
Place of publication, distribution, etc. New Delhi:
Name of publisher, distributor, etc. Doaba House,
Date of publication, distribution, etc. 2000.
300 ## - PHYSICAL DESCRIPTION
Extent 304p:
Dimensions 23cm.
653 ## - INDEX TERM--UNCONTROLLED
Uncontrolled term Educational psychology
700 ## - ADDED ENTRY--PERSONAL NAME
Personal name Walia, D. K.,
Relator term Author.
700 ## - ADDED ENTRY--PERSONAL NAME
Personal name Mangal, J. C.,
Relator term Author.
700 ## - ADDED ENTRY--PERSONAL NAME
Personal name Dutt, T. C.,
Relator term Author.
942 ## - ADDED ENTRY ELEMENTS (KOHA)
Koha item type Books
Holdings
Withdrawn status Lost status Damaged status Not for loan Home library Current library Shelving location Date acquired Total checkouts Full call number Barcode Date last seen Copy number Price effective from Koha item type
        Naharkatiya College Library Naharkatiya College Library General stacks 09/19/2020   370.15 | EDU 11335 09/19/2020 1 09/19/2020 Books